doom Patrol Episodes - Statistics

General Stats
  • This quiz has been taken 6 times
  • The average score is 15 of 34
Answer Stats
season episode title % Correct
dead patrol
100%
Undead patrol
100%
Doom patrol Patrol
83%
1 Pilot
83%
Cyborg patrol
67%
dada patrol
67%
Danny Patrol
67%
Flex Patrol
67%
jane Patrol
67%
Wax patrol
67%
Bird Patrol
50%
Ezekiel
50%
Frances Patrol
50%
Penultimate Patrol
50%
Puppet Patrol
50%
Sex Patrol
50%
Space Patrol
50%
Therapy Patrol
50%
1917 Patrol
33%
Amends patrol
33%
Donkey Patrol
33%
Finger Patrol
33%
2 Fun Size Patrol
33%
Hair Patrol
33%
Pain patrol
33%
paw Patrol
33%
Cult Patrol
17%
Dad Patrol
17%
Dumb Patrol
17%
Subconscious patrol
17%
Evil patrol
0%
3 Possibilities Patrol
0%
Tyme Patrol
0%
Vacay patrol
0%
No matching quizzes found
Score Distribution
Percent of People with Each Score
Percentile by Number Answered
Your Score History
You have not taken this quiz